| 000 | 00488nam a22001577a 4500 | ||
|---|---|---|---|
| 020 | _a0 900791 35 7 | ||
| 082 | _a332.17 MAT | ||
| 100 |
_aMather, L.C. _92510 |
||
| 245 | _aBankers and customer relationship and the accounts of personal customer | ||
| 260 |
_aLondon _bWaterlow Limited _c1977 |
||
| 300 | _a322p,;25cm | ||
| 500 | _aIncludes Index | ||
| 650 |
_aBankers and customer relationship and the accounts of personal customer _92602 |
||
| 700 |
_aMather, L.C. _92510 |
||
| 942 | _cBK | ||
| 999 |
_c15117 _d15117 |
||